[Event "Uxbridge e2e4 Autumn Challengers-F"]
[Site "Uxbridge"]
[Date "2010.08.15"]
[Round "9"]
[White "Patel, Shyamal"]
[Black "Byron, Alan M"]
[Result "1/2-1/2"]
[WhiteElo "1898"]
[BlackElo "2190"]
[PlyCount "23"]
[EventDate "2010.08.11"]
[EventType "tourn"]
[EventRounds "9"]
[EventCountry "ENG"]
[SourceTitle "CBM 137 Extra"]
[Source "ChessBase"]
[SourceDate "2010.09.01"]
[SourceVersion "1"]
[SourceVersionDate "2010.09.01"]
[SourceQuality "1"]

1. e4 c6 2. d4 d5 3. Nc3 dxe4 4. Nxe4 Nf6 5. Nxf6+ exf6 6. Nf3 Bd6 7. Be2 0-0 8. 0-0 Qc7 9. h3 Re8 10. Re1 Nd7 11. b3 Nf8 12. c4 1/2-1/2

[Event "Uxbridge e2e4 Autumn Challengers-F"]
[Site "Uxbridge"]
[Date "2010.08.13"]
[Round "5"]
[White "Patel, Shyamal"]
[Black "McKenna, Jason P"]
[Result "1-0"]
[WhiteElo "1898"]
[BlackElo "2109"]
[PlyCount "75"]
[EventDate "2010.08.11"]
[EventType "tourn"]
[EventRounds "9"]
[EventCountry "ENG"]
[SourceTitle "CBM 137 Extra"]
[Source "ChessBase"]
[SourceDate "2010.09.01"]
[SourceVersion "1"]
[SourceVersionDate "2010.09.01"]
[SourceQuality "1"]

1. e4 g6 2. d4 Bg7 3. Nc3 d6 4. f4 c6 5. Nf3 Bg4 6. Be3 Qb6 7. Qd2 Bxf3 8. gxf3 Nd7 9. 0-0-0 Qa5 10. Kb1 Ngf6 11. Rg1 Nh5 12. Bc4 b5 13. Bb3 Nb6 14. e5 d5 15. f5 e6 16. fxe6 fxe6 17. Qg2 Nc4 18. Qg4 Kd7 19. Bc1 Rhf8 20. a4 Rf5 21. Bd2 Nxd2+ 22. Rxd2 Bh6 23. Rdd1 Be3 24. Rge1 Bf2 25. Re2 Rf4 26. Rxf2 Rxg4 27. fxg4 Ke7 28. Rdf1 Re8 29. Rf7+ Kd8 30. gxh5 b4 31. Ne2 Re7 32. hxg6 hxg6 33. Rf8+ Kd7 34. Nf4 Qa6 35. Nd3 Qb6 36. Nc5+ Kc7 37. Rg8 a5 38. Rff8 1-0

[Event "Uxbridge e2e4 Autumn Challengers-F"]
[Site "Uxbridge"]
[Date "2010.08.12"]
[Round "3"]
[White "Patel, Shyamal"]
[Black "White, David J"]
[Result "1-0"]
[WhiteElo "1898"]
[BlackElo "1939"]
[PlyCount "61"]
[EventDate "2010.08.11"]
[EventType "tourn"]
[EventRounds "9"]
[EventCountry "ENG"]
[SourceTitle "CBM 137 Extra"]
[Source "ChessBase"]
[SourceDate "2010.09.01"]
[SourceVersion "1"]
[SourceVersionDate "2010.09.01"]
[SourceQuality "1"]

1. e4 c5 2. Nf3 d6 3. d4 cxd4 4. Nxd4 Nf6 5. Nc3 g6 6. Be3 Bg7 7. f3 0-0 8. Qd2 Nc6 9. g4 Bd7 10. h4 Ne5 11. Be2 Rc8 12. 0-0-0 Nc4 13. Bxc4 Rxc4 14. h5 Qa5 15. hxg6 fxg6 16. Nb3 Qc7 17. e5 dxe5 18. g5 Be6 19. gxf6 exf6 20. Qd6 Qf7 21. Bh6 a6 22. Bxg7 Kxg7 23. Nc5 Bf5 24. N5e4 Rc6 25. Qd2 h5 26. Ng3 Be6 27. Rdg1 Kh7 28. Nce4 Bd5 29. Nxh5 gxh5 30. Qxd5 Qe8 31. Qd7+ 1-0